Собрание сочинений. 6: Бувар и Пекюше | Лексикон прописных истин (Запись № 13631748)

Подробности
000 -МАРКЕР
контрольное поле 02065nam2a2200313 4500
001 - ИДЕНТИФИКАТОР ЗАПИСИ
контрольное поле rc\2987319
005 - ИДЕНТИФИКАТОР ВЕРСИИ
контрольное поле 20260315071611.0
035 ## - ДРУГИЕ СИСТЕМНЫЕ НОМЕРА
Идентификатор записи (NLR Aleph) 007215423
100 ## - ДАННЫЕ ОБЩЕЙ ОБРАБОТКИ
Данные общей обработки 20110912d1934 u y0rusy50 ca
101 1# - ЯЗЫК РЕСУРСА
Язык текста, звукозаписи и т.д. русский
Язык оригинала французский
102 ## - СТРАНА ПУБЛИКАЦИИ ИЛИ ПРОИЗВОДСТВА
Страна публикации Российская Федерация
105 ## - ПОЛЕ КОДИРОВАННЫХ ДАННЫХ: ТЕКСТОВЫЕ МАТЕРИАЛЫ, МОНОГРАФИЧЕСКИЕ
Кодированные данные о монографическом текстовом документе ch z |||||
200 1# - ЗАГЛАВИЕ И СВЕДЕНИЯ ОБ ОТВЕТСТВЕННОСТИ
Основное заглавие Бувар и Пекюше
Первые сведения об ответственности Пер. И.Б. Мандельштама
Основное заглавие Лексикон прописных истин
Первые сведения об ответственности Пер. Т. Ириновой
Сведения, относящиеся к заглавию С 2 ил.
Последующие сведения об ответственности Статья и комментарии М.Д. Эйхенгольца
210 ## - ПУБЛИКАЦИЯ, РАСПРОСТРАНЕНИЕ И ДР.
Место издания, распространения и т.д. Москва
-- Ленинград
Имя издателя, распространителя и т. д. ГИХЛ
Дата издания, распространения и т.д. 1934
Место изготовления Москва
Имя изготовителя "Образцовая" тип.
215 ## - ФИЗИЧЕСКАЯ ХАРАКТЕРИСТИКА
Специфическое обозначение материала и объем 425, [2] с., 2 вкл. л. портр., факс.
Другие сведения о физической характеристике портр., факс.
Размеры 21×14 см
300 ## - ОБЩИЕ ПРИМЕЧАНИЯ
Текст примечания На обороте тит. л.: "Gustave Flaubert. Bouvard et Pécuchet. 1881. Le dectionnaire des idées recues"
461 #0 - УРОВЕНЬ НАБОРА
Встроенное поле 001rc\2987313
-- 2001#$aСобрание сочинений$fГюстав Флобер$gПод общ. ред. А.В. Луначарского и М.Д. Эйхенгольца$v6
-- 700#1$aФлобер$bГ.$gГустав$f1821-1880$3RU\NLR\AUTH\774757
Системный номер (АБИС) связанной записи 7681324
Автор Флобер, Г. (1821-1880)
Место публикации Москва
Дата публикации 1933-1938
Первые сведения об ответственности Гюстав Флобер
Имя издателя, распространителя и т.д. ГИХЛ
Заглавие Собрание сочинений
Номер тома 6
464 #0 - АНАЛИТИЧЕСКИЙ УРОВЕНЬ
Встроенное поле 2001#$aСатирический роман "Бувар и Пекюше"
-- 700#1$aЭйхенгольц$bМ.Д.$gМарк Давидович$f1889-1953$4070
Заглавие Сатирический роман "Бувар и Пекюше"
Автор Эйхенгольц, Марк Давидович (1889-1953)
604 ## - ИМЯ И ЗАГЛАВИЕ КАК ПРЕДМЕТ
Связываемые данные 50010$aБувар и Пекюше$2nlr_sh1
-- 700#1$aФлобер$bГ.$gГустав$f1821-1880$4070
Заглавие Бувар и Пекюше
Имя лица Флобер, Густав (1821-1880)
702 #1 - ИМЯ ЛИЦА - ВТОРИЧНАЯ ОТВЕТСТВЕННОСТЬ
Начальный элемент ввода Мандельштам
Часть имени, кроме начального элемента ввода И.Б.
Код отношения Переводчик
702 #1 - ИМЯ ЛИЦА - ВТОРИЧНАЯ ОТВЕТСТВЕННОСТЬ
Начальный элемент ввода Иринова
Часть имени, кроме начального элемента ввода Т.
Код отношения Переводчик
702 #1 - ИМЯ ЛИЦА - ВТОРИЧНАЯ ОТВЕТСТВЕННОСТЬ
Начальный элемент ввода Эйхенгольц
Часть имени, кроме начального элемента ввода М.Д.
Код отношения Прочие
801 #0 - ИСТОЧНИК ЗАПИСИ
Страна Российская Федерация
Организация NLR
Правила каталогизации psbo
801 #1 - ИСТОЧНИК ЗАПИСИ
Страна Российская Федерация
Организация ELAR
Источник данных rusmarc
852 ## - МЕСТОНАХОЖДЕНИЕ И ШИФР ХРАНЕНИЯ
Идентификатор организации NLR
Шифр хранения (Call Number) 32-15/417(6)
942 ## - ДОПОЛНИТЕЛЬНЫЕ ЭЛЕМЕНТЫ ЗАПИСИ (АБИС)
Тип экземпляра АБИС Неопределено
980 ## - КОЛЛЕКЦИЯ
Название коллекции Национальная библиография

Нет доступных экземпляров.